Pouvoir communautaire face a L'Aménageur: le cas des nahuas de l'état de Veracruz au Mexique /
Enregistré dans:
| Auteur principal: | |
|---|---|
| Format: | Texte |
| Tags: |
Ajouter un tag
Pas de tags, Soyez le premier à ajouter un tag!
|
MARC
| LEADER | 00000 a a2200000 04500 | ||
|---|---|---|---|
| 001 | 43797 | ||
| 003 | |||
| 040 | |||
| 100 | |a Bouysse-Cassagne, Thérèse | ||
| 245 | |a Pouvoir communautaire face a L'Aménageur: |b le cas des nahuas de l'état de Veracruz au Mexique / |c Thérèse Bouysse-Cassagne | ||
| 773 | |g páginas 89-101 | ||
| 999 | |c 33919 |d 33919 | ||
